|
|
|
|
| LEADER |
00000nam0a2200000 4500 |
| 001 |
107745 |
| 005 |
20231101214744.0 |
| 010 |
|
|
|a 5958400339
|
| 035 |
|
|
|a (RuTPU)RU\TPU\book\116312
|
| 090 |
|
|
|a 107745
|
| 100 |
|
|
|a 20061228d2004 km y0rusy50 ca
|
| 101 |
0 |
|
|a rus
|
| 102 |
|
|
|a RU
|
| 105 |
|
|
|a y jn 010zy
|
| 200 |
1 |
|
|a Экологическое право России
|e сборник нормативных правовых актов и документов
|e учебное пособие для вузов
|f Московский государственный университет им. М. В. Ломоносова (МГУ); Владикавказский институт управления; сост. А. К. Голиченков, М. А. Миндзаев, А. О. Миняев
|
| 205 |
|
|
|a 2-е изд., перераб. и доп.
|
| 210 |
|
|
|a Москва
|c Городец-издат
|d 2004
|
| 215 |
|
|
|a 1040 с.
|
| 300 |
|
|
|a Посвящается 250-летию Московского университета.
|
| 330 |
|
|
|a Сборник является составной частью комплекса учебных и учебно-методических материалов, разработка которого осуществляется кафедрой экологического и земельного права юридического факультета МГУ им. М. В. Ломоносова. В него включены законодательные и иные нормативные правовые акты об охране окружающей природной среды, документы, отражающие работу судов и прокуратуры по применению экологического законодательства и надзору за его исполнением по состоянию на 1 января 2004 г. Для студентов, аспирантов, преподавателей юридических факультетов и вузов, депутатов, работников государственных органов, предпринимателей, широкого круга читателей, интересующихся правовыми вопросами охраны окружающей природной среды.
|
| 610 |
1 |
|
|a право
|
| 610 |
1 |
|
|a экологическое право
|
| 610 |
1 |
|
|a Российская Федерация
|
| 610 |
1 |
|
|a нормативные акты
|
| 610 |
1 |
|
|a правовые акты
|
| 610 |
1 |
|
|a окружающая среда
|
| 610 |
1 |
|
|a организационные механизмы
|
| 610 |
1 |
|
|a учебные пособия
|
| 610 |
1 |
|
|a охрана
|
| 686 |
|
|
|a Х625я73
|v LBC/SL-A
|2 rubbk
|
| 702 |
|
1 |
|a Голиченков
|b А. К.
|4 220
|
| 702 |
|
1 |
|a Миндзаев
|b М. А.
|4 220
|
| 702 |
|
1 |
|a Миняев
|b А. О.
|4 220
|
| 712 |
0 |
2 |
|a Московский государственный университет им. М. В. Ломоносова (МГУ)
|2 stltpush
|3 (RuTPU)RU\TPU\col\7
|
| 712 |
0 |
2 |
|a Владикавказский институт управления
|2 stltpush
|3 (RuTPU)RU\TPU\col\10694
|9 24908
|
| 801 |
|
1 |
|a RU
|b 63413507
|c 20061228
|g PSBO
|
| 801 |
|
2 |
|a RU
|b 63413507
|c 20171010
|g PSBO
|
| 942 |
|
|
|c BK
|
| 959 |
|
|
|a 116/20061226
|d 1
|e 900,00
|f ЧЗСИО:1
|